00322pab a2200121 454500008004000000100002100040245006600061260000900127300001400136362001200150650001800162773002000180180718b2005 xxu||||| |||| 00| 0 eng d aJain, Prakash C. aIndian entrepreneurs in the Gulf countries: some case studies c2005 ap.123-42. aOct-Dec aEntrepreneurs aIndia Quarterly